MyGZULibrary

Beyond ujamaa in Tanzania : (Record no. 2482)

MARC details
000 -LEADER
fixed length control field 00998cam a2200313 i 4500
001 - CONTROL NUMBER
control field 1366329
003 - CONTROL NUMBER IDENTIFIER
control field GZU
005 - DATE AND TIME OF LATEST TRANSACTION
control field 20201102103519.0
008 - FIXED-LENGTH DATA ELEMENTS--GENERAL INFORMATION
fixed length control field 801016s1980 enk b 001 0 eng
010 ## - LIBRARY OF CONGRESS CONTROL NUMBER
LC control number 80501474
015 ## - NATIONAL BIBLIOGRAPHY NUMBER
National bibliography number GB***
020 ## - INTERNATIONAL STANDARD BOOK NUMBER
International Standard Book Number 0435963015 (pbk.)
040 ## - CATALOGING SOURCE
Original cataloging agency DLC
Transcribing agency DLC
Modifying agency DLC
043 ## - GEOGRAPHIC AREA CODE
Geographic area code f-tz---
-- fb-----
050 00 - LIBRARY OF CONGRESS CALL NUMBER
Classification number HN 797
Item number GOR 1980
082 00 - DEWEY DECIMAL CLASSIFICATION NUMBER
Classification number 330.9678/04
Edition number 19
100 1# - MAIN ENTRY--PERSONAL NAME
Personal name Hydén, Göran,
Dates associated with a name 1938-
245 10 - TITLE STATEMENT
Title Beyond ujamaa in Tanzania :
Remainder of title underdevelopment and an uncaptured peasantry /
Statement of responsibility, etc. Goran Hyden.
260 ## - PUBLICATION, DISTRIBUTION, ETC.
Place of publication, distribution, etc. London :
Name of publisher, distributor, etc. Heinemann,
Date of publication, distribution, etc. 1980.
300 ## - PHYSICAL DESCRIPTION
Extent x, 270 p. ;
Dimensions 23 cm.
504 ## - BIBLIOGRAPHY, ETC. NOTE
Bibliography, etc. note Includes bibliographical references and index.
650 #0 - SUBJECT ADDED ENTRY--TOPICAL TERM
Topical term or geographic name entry element Peasants
Geographic subdivision Tanzania.
650 #0 - SUBJECT ADDED ENTRY--TOPICAL TERM
Topical term or geographic name entry element Peasants
Geographic subdivision Africa, Sub-Saharan
Form subdivision Case studies.
650 #0 - SUBJECT ADDED ENTRY--TOPICAL TERM
Topical term or geographic name entry element Collective settlements
Geographic subdivision Tanzania.
650 #0 - SUBJECT ADDED ENTRY--TOPICAL TERM
Topical term or geographic name entry element Socialism
Geographic subdivision Tanzania.
651 #0 - SUBJECT ADDED ENTRY--GEOGRAPHIC NAME
Geographic name Tanzania
General subdivision Economic conditions.
906 ## - LOCAL DATA ELEMENT F, LDF (RLIN)
a 7
b cbc
c orignew
d 3
e ncip
f 19
g y-gencatlg
942 ## - ADDED ENTRY ELEMENTS (KOHA)
Source of classification or shelving scheme Library of Congress Classification
Koha item type Books
Classification part 797
Item part GOR
Call number prefix HN
Holdings
Withdrawn status Lost status Damaged status Not for loan Collection code Home library Current library Shelving location Date acquired Total Checkouts Full call number Barcode Date last seen Copy number Price effective from Koha item type
        Non-fiction City Campus Library City Campus Library General Stacks 11/02/2020   HN 797 GOR 1980 024924 11/02/2020 c.1 11/02/2020 Books